The Supreme Court of India : (Record no. 73811)
[ view plain ]
| 000 -LEADER | |
|---|---|
| fixed length control field | 00825nam a22002297a 4500 |
| 005 - DATE AND TIME OF LATEST TRANSACTION | |
| control field | 20131018152259.0 |
| 010 ## - LCCN (DPL NO) | |
| LC control number | ENG-106717 |
| 020 ## - INTERNATIONAL STANDARD BOOK NUMBER | |
| International Standard Book Number | 9788178312149 |
| Terms of availability | 800.00 |
| 035 ## - SYSTEM CONTROL NUMBER | |
| System control number | EN-90250 |
| 035 ## - SYSTEM CONTROL NUMBER | |
| System control number | B-495684-685 |
| 037 ## - SOURCE OF ACQUISITION | |
| Source of stock number/acquisition | DBAD / PUB |
| 037 ## - SOURCE OF ACQUISITION | |
| Source of stock number/acquisition | Prakashan Sansthan/Ven |
| Stock number | dpl |
| 082 ## - DEWEY DECIMAL CLASSIFICATION NUMBER | |
| Classification number | 347.035 |
| 100 ## - MAIN ENTRY--PERSONAL NAME | |
| Personal name | Vijay Kumar |
| 245 ## - TITLE STATEMENT | |
| Title | The Supreme Court of India : |
| Statement of responsibility, etc | by Vijay Kumar |
| Remainder of title | policy formulator or active protector? / |
| 260 ## - PUBLICATION, DISTRIBUTION, ETC. (IMPRINT) | |
| Place of publication, distribution, etc | New Delhi |
| Name of publisher, distributor, etc | Manak Publications |
| Date of publication, distribution, etc | 2012 |
| 270 ## - ADDRESS | |
| Address | B-7, Saraswati Complex, Subhash Chowk, Laxmi Nagar |
| City | New Delhi |
| Postal code | 110092 |
| 300 ## - PHYSICAL DESCRIPTION | |
| Extent | xvi,187p. |
| Dimensions | 25cm(Hb) |
| 500 ## - GENERAL NOTE | |
| General note | Includes index |
| 942 ## - ADDED ENTRY ELEMENTS (KOHA) | |
| Source of classification or shelving scheme | Dewey Decimal Classification |
| Item type | English Books |
| Call number suffix | VIJ |
| Classification part | 347.035 |
| Withdrawn status | Lost status | Not for loan | Collection code | Home library | Current library | Date acquired | Source of acquisition | Cost, normal purchase price | Full call number | Barcode | Copy number | Cost, replacement price | Koha item type |
|---|---|---|---|---|---|---|---|---|---|---|---|---|---|
| Non-fiction | D.B.Act.Division | D.B.Act.Division | 22/02/2013 | DBAD / PUB | 800.00 | 347.035 VIJ | EN-90250 | 1 | 800.00 | English Books | |||
| Non-fiction | Shahdara Branch | Shahdara Branch | 18/10/2013 | Prakashan Sansthan/525/09.03.2013/177/08.03.2013/15.03.2013 | 800.00 | 347.035 VIJ | B-495684 | 1 | 400.00 | English Books | |||
| Non-fiction | Shahdara Branch | Shahdara Branch | 18/10/2013 | Prakashan Sansthan/525/09.03.2013/177/08.03.2013/15.03.2013 | 800.00 | 347.035 VIJ | B-495685 | 1 | 400.00 | English Books |
